01100nam a22003137a 4500003000500000005001700005008004100022010001000063011001000073035001000083040000900093082001500102100003000117245004300147260003300190300002000223490003900243590004100282590004100323590004100364590004200405650004500447830003900492901000700531942001000538949007900548999001700627952014200644CHAP20220817042337.0971013s1987 r 00010 d a41533 a42505 a46634 cCHAP a633.61bH400aHeinz, Don J.eed.953372 aSugarcane improvement through breeding aAmsterdam :bElsevier,c1987 a603 p.b: ilus. aDevelopments in crop sciencev; 11 aBATCH-UPDb10c20130110lUCH01h2134 aBATCH-UPDb10c20130410lUCH01h1443 aBATCH-UPDb10c20130914lUCH01h0836 aCONVERSIONb10c20130109lUCH01h132314aCaña de azúcarxMejoramiento.9186260 aDevelopments in crop sciencev; 11 aBK cLIBRO a633.61 H4bBCcLIBROd33724000001178eLIBROgI.c/eh88750i46634sit50.00 c41533d41533 00102ddc4052708GRALaBCbBCcPP_GRALd2019-12-31eI.c/efLIBROl0o633.61 H4p33724000001178r2019-12-31 00:00:00w2019-12-31yLIBRO